LIBRARY & INFORMATION CENTRE, KCAET, TAVANUR

ONLINE PUBLIC ACCESS CATALOGUE (OPAC)

Science of mechanics: A critical and historical account of its development / (Record no. 5688)

MARC details
000 -LEADER
fixed length control field 00436cam a2200157ua 4500
041 ## - LANGUAGE CODE
Language code of text/sound track or separate title eng
082 ## - DEWEY DECIMAL CLASSIFICATION NUMBER
Classification number 531
Item number MAC/SC
100 ## - MAIN ENTRY--AUTHOR NAME
Personal name Mach, Ernest .
245 ## - TITLE STATEMENT
Title Science of mechanics: A critical and historical account of its development /
250 ## - EDITION STATEMENT
Edition statement 6 /
260 ## - PUBLICATION, DISTRIBUTION, ETC. (IMPRINT)
Place of publication Illinois :
Name of publisher Open Court Publishing Co ,
Year of publication 1960.
300 ## - PHYSICAL DESCRIPTION
Number of Pages 634 ; .
942 ## - ADDED ENTRY ELEMENTS (KOHA)
Koha item type Books
Holdings
Withdrawn status Lost status Damaged status Home library Current library Date acquired Full call number Accession Number Koha item type
Withdrawn     KAUAET KAUAET 07/04/2012 531 MAC/SC 7949 Books
free website counter